000 00406nam a2200157Ia 4500
008 210210b1996 xxu||||| |||| 00| 0 eng d
020 _a81 7033 334 2
082 _a362.7 AHUY
100 _aAHUJA (Ram).
245 _aYouth and crime.
260 _aJaipur.
_bRawat Publications.,
_c1996
300 _a176
650 _aSubculture, Police, Deviant Youth
690 _aSocial Welfare
906 _a052453
999 _c100922
_d100922